MRI OF THE MUSCULOSKELETAL SYSTEM (Record no. 8421)

MARC details
000 -LEADER
fixed length control field 00370nam a22001577a 4500
003 - CONTROL NUMBER IDENTIFIER
control field SGT
020 ## - INTERNATIONAL STANDARD BOOK NUMBER
International Standard Book Number 13:978-1-4511-0918-4
082 ## - DEWEY DECIMAL CLASSIFICATION NUMBER
Classification number 616.0757, M13B
100 ## - MAIN ENTRY--PERSONAL NAME
Personal name BERQUIST, THOMAS H.
245 ## - TITLE STATEMENT
Title MRI OF THE MUSCULOSKELETAL SYSTEM
250 ## - EDITION STATEMENT
Edition statement 6TH
260 ## - PUBLICATION, DISTRIBUTION, ETC. (IMPRINT)
Place of publication, distribution, etc PHILADELPHIA
Name of publisher, distributor, etc WOLTERS KLUWER
Year of Publication 2013
300 ## - PAGE DESCRIPTION
No. of Pages 1173
650 ## - SUBJECT ADDED ENTRY--TOPICAL TERM
Topical term or geographic name as entry element RADIOLOGY
942 ## - ADDED ENTRY ELEMENTS (KOHA)
Source of classification or shelving scheme Dewey Decimal Classification
Koha item type Books
Holdings
Withdrawn status Lost status Source of classification or shelving scheme Damaged status Not for loan Collection code Home library Current library Shelving location Date acquired Vendor Name Cost, normal purchase price SGTU Bill Number Total Checkouts Full call number Accession No. (Barcode) Date last seen Bill Date Koha item type
    Dewey Decimal Classification     MEDICAL SGT Medical Library SGT Medical Library Reference Book 15/03/2016 AHUJA BOOK COMPANY 20129.32 SGTU 5978   616.0757, M13B FM7463 15/03/2016 14/08/2015 Books